Normal view MARC view

Entry Personal Name

Number of records used in: 1

001 - CONTROL NUMBER

  • control field: 23990

003 - CONTROL NUMBER IDENTIFIER

  • control field: dpl

005 - DATE AND TIME OF LATEST TRANSACTION

  • control field: 20101027141122.0

008 - FIXED-LENGTH DATA ELEMENTS

  • fixed length control field: 101027|||a|||||| | ||| d

040 ## - CATALOGING SOURCE

  • Original cataloging agency: dpl
  • Transcribing agency: dpl

100 ## - HEADING--PERSONAL NAME

  • Personal name: लंकेश, पी.

670 ## - SOURCE DATA FOUND

  • Source citation: Work cat.: (dpl)48482: लंकेश, पी., पत्थर पिघलने की घड़ी /, 2009 ( पु.मु.)

670 ## - SOURCE DATA FOUND

  • Source citation: Work cat.: (dpl)48482: लंकेश, पी., पत्थर पिघलने की घड़ी /, 2009 ( पु.मु.)

© Delhi Public Library
Hit Counter
free hit counter